Normal view
MARC view
Entry Personal Name
001 - CONTROL NUMBER
- control field: 14623
003 - CONTROL NUMBER IDENTIFIER
- control field: OSt
005 - DATE AND TIME OF LATEST TRANSACTION
- control field: 20211020150100.0
008 - FIXED-LENGTH DATA ELEMENTS
- fixed length control field: 211020|| aca||aabn | a|a d
040 ## - CATALOGING SOURCE
- Original cataloging agency: OSt
- Transcribing agency: OSt
100 ## - HEADING--PERSONAL NAME
- Personal name: Hunter, Mark D
670 ## - SOURCE DATA FOUND
- Source citation: Work cat.: (OSt)13801: Speight, Martin R. 14621, Ecology of insects :, 2008.